From Norvelt to nowhere #2 / Jack Gantos.
Available copies
- 2 of 2 copies available at LARL/NWRL Consortium.
- 2 of 2 copies available at Lake Agassiz Regional Library. (Show preferred library)
Current holds
0 current holds with 2 total copies.
Show All Copies
| Location | Call Number / Copy Notes | Barcode | Shelving Location | Status | Due Date |
|---|---|---|---|---|---|
| Crookston Public Library | J GAN (Text) | 33500011566650 | Main | Available | - |
| Moorhead Public Library | J GAN (Text) | 33500011566635 | Main | Available | - |
Record details
- ISBN: 9780374379940 (hardback)
- ISBN: 0374379947 (hardback)
- Physical Description: pages cm
- Publisher: New York : Farrar, Straus and Giroux, 2013.
Content descriptions
| General Note: | Sequel to: Dead end in Norvelt |
| Summary, etc.: | After an explosion, a new crime by an old ... Read More |
Search for related items by subject
| Subject: | Friendship > Fiction. Old age > Fiction. Norvelt (Pa.) > History > 20th century > Fiction. Mystery and detective stories. Humorous stories. |
Search for related items by series
| LDR | 02024cam a22004938i 4500 | ||
|---|---|---|---|
| 001 | 155819 | ||
| 003 | LARL_NWRL_CONSORTIUM | ||
| 005 | 20130821093148.0 | ||
| 008 | 130705s2013 nyu c 000 1 eng | ||
| 010 | . | ‡a2013022251 | |
| 019 | . | ‡a825753790 | |
| 020 | . | ‡a9780374379940 (hardback) | |
| 020 | . | ‡a0374379947 (hardback) | |
| 020 | . | ‡z9780374324742 (ebook) | |
| 035 | . | ‡a(OCoLC)825733903 ‡z(OCoLC)825753790 | |
| 040 | . | ‡aDLC ‡beng ‡erda ‡cDLC ‡dBTCTA ‡dBDX ‡dYDXCP ‡dUPZ | |
| 042 | . | ‡alcac ‡apcc | |
| 043 | . | ‡an-us-pa | |
| 050 | 0 | 0. | ‡aPZ7.G15334 ‡bFr 2013 |
| 082 | 0 | 0. | ‡a[Fic] ‡223 |
| 100 | 1 | . | ‡aGantos, Jack. ‡0(LARL_NWRL_CONSORTIUM)55597 |
| 245 | 1 | 0. | ‡aFrom Norvelt to nowhere ‡n#2 / ‡cJack Gantos. |
| 260 | . | ‡aNew York : ‡bFarrar, Straus and Giroux, ‡c2013. | |
| 300 | . | ‡apages cm | |
| 336 | . | ‡atext ‡2rdacontent | |
| 337 | . | ‡aunmediated ‡2rdamedia | |
| 338 | . | ‡avolume ‡2rdacarrier | |
| 490 | 0 | . | ‡aNorvelt ; ‡v2 |
| 500 | . | ‡aSequel to: Dead end in Norvelt | |
| 520 | . | ‡aAfter an explosion, a new crime by an old murderer, and the sad passing of the founder of Norvelt, Pennsylvania, twelve-year-old Jack accompanies his slightly mental elderly mentor, Miss Volker, on a cross-country run as she pursues the oddest of outlaws. | |
| 650 | 1. | ‡aFriendship ‡vFiction. ‡0(LARL_NWRL_CONSORTIUM)164944 | |
| 650 | 1. | ‡aOld age ‡vFiction. ‡0(LARL_NWRL_CONSORTIUM)173812 | |
| 651 | 1. | ‡aNorvelt (Pa.) ‡xHistory ‡y20th century ‡vFiction. | |
| 650 | 1. | ‡aMystery and detective stories. ‡0(LARL_NWRL_CONSORTIUM)176113 | |
| 650 | 1. | ‡aHumorous stories. ‡0(LARL_NWRL_CONSORTIUM)22555 | |
| 948 | . | ‡hNO HOLDINGS IN LAL - 24 OTHER HOLDINGS | |
| 994 | . | ‡aZ0 ‡bLAL | |
| 901 | . | ‡a155819 ‡bOCLC ‡c155819 ‡tbiblio | |

Add to basket
Permalink
Disable Highlighting